Statistiken für Länder nach Nationalhymne

Klicken Sie hier um das Quiz zu spielen!

Allgemein

  • Dieses Quiz wurde 7.393 mal gespielt
  • Das Durchschnittsergebnis liegt bei 8 aus 18

Antwortstatistiken

LyricsLand% Korrekt
Einigkeit und Recht und Freiheit / Sind des Glückes UnterpfandDeutschland
99%
Gott schütze unsere gnädige Königin! / Lang lebe unsere edle KöniginVereinigtes Königreich
85%
Das Vindhya-Gebirge, der Himalaya, die Yamuna, der Ganges / die hohen Wogen des Ozeans Indien
53%
Blühend am jungen Rhein / Glücklich und treu / Hoch leb' der Fürst vom LandLiechtenstein
51%
Und das ist das schöne Land / Böhmerland, meine Heimat!Tschechien
51%
Du bist Sitz des Petrus, der zu Rom sein Blut vergossVatikanstadt
50%
Hoheitsvoll sind die schneeigen Anden / Die dir Gott als ein Bollwerk vermachtChile
49%
Ein Prinz von Oranien / bin ich, frei und furchtlosNiederlande
46%
Von südlichen Meeren bis zum Polargebiet / Erstrecken sich unsere Wälder und FelderRussland
42%
Den Knochen entsprossen / der Hellenen, den heiligenGriechenland
38%
Hab' Mitleid, Herr, mit dem Magyaren / Den die Gefahren schüttelnUngarn
36%
Und nach Osten hin, vorwärts / ein Auge nach Zion blicktIsrael
35%
Das Land aller Stämme / Land der Belutschen und Usbeken / Paschtunen and Hazara /
Turkmenen und Tadschiken
Afghanistan
30%
Der gelbe Stern weht / Führt unsere Heimat aus dem ElendVietnam
30%
Leib und Seele geben wir für unsere Freiheit / Und bezeugen, dass unsere Herkunft die Kosakenbrüderschaft istUkraine
26%
Unter dem strahlenden Kreuz des Südens / Werden wir uns mit Herzen und Händen bemühenAustralien
25%
Steht auf! Alle, die keine Sklaven mehr sein möchten /
Lasst uns aus unserem Fleisch und Blut die neue Mauer bauen
China
18%
Und die Saganacht, die hinsenkt / Träume auf unsere ErdeNorwegen
12%

Verteilung der Resultate

Perzentil nach korrekt beantworteten Fragen

Anzahl Personen mit jedem Resultat

Ihre Resultats-Entwicklung

Sie haben dieses Quiz noch nicht gespielt